[Event "8th HDBank Cup 2018"]
[Site "Hanoi"]
[Date "2018.03.11"]
[Round "3"]
[White "Akshat Khamparia"]
[Black "Xu Yi"]
[Result "1/2-1/2"]
[WhiteElo "2408"]
[BlackElo "2499"]
[Annotator "TA"]
[PlyCount "43"]
[EventDate "2018.??.??"]
[EventCountry "VIE"]
[SourceTitle "playchess.com"]
[Source "ChessBase"]
[SourceQuality "1"]

{[%evp 27,43,0,0,0,0,0,0,0,0,-95,0,0,0,-102,0,0,0,-81]} 1. d4 Nf6 2. c4 e6 3. Nc3 Bb4 4. Qc2 d5 5. cxd5 exd5 6. Bg5 {[%cal Bc1g5,Bg5h4,Bh4g3,Bg3e5][%mdl 32]} h6 7. Bh4 c5 8. dxc5 g5 9. Bg3 Ne4 10. e3 {E35: Nimzo-Indian: Classical: 4...d5 5 cxd5 exd5} Qa5 11. Nge2 Bf5 12. Be5 O-O 13. Nd4 Re8 14. Bxb8 Nxc3 {LiveBook: 12 Games} 15. Nxf5 Ne4+ 16. Kd1 {[#] aiming for Bg3.} Raxb8 17. f3 Rbc8 {[#]} 18. Nxh6+ $146 (18. fxe4 $11 dxe4 19. Nxh6+ Kf8 20. a3 Rxc5 21. Bc4) ({Predecessor:} 18. fxe4 dxe4 19. Bc4 Qxc5 20. Bxf7+ Kxf7 21. Qxc5 Bxc5 22. Rc1 Red8+ {½-½ (22) Laznicka,V (2703)-Leko,P (2720) Porto Carras 2011}) 18... Kg7 ({Black should try} 18... Kf8 $17 19. fxe4 dxe4) 19. Nf5+ Kg8 20. Nh6+ (20. fxe4 $11 {keeps the balance.} dxe4 21. Nd4 Bxc5 22. Rc1) 20... Kg7 (20... Kh7 $17 21. fxe4 Kxh6) 21. Nf5+ Kg8 22. Nh6+ (22. fxe4 $11 {remains equal.} dxe4 23. Nd4 Bxc5 24. Rc1) 1/2-1/2

[Event "8th HDBank Cup 2018"]
[Site "Hanoi"]
[Date "2018.03.11"]
[Round "3"]
[White "Pham Chuong"]
[Black "Le, Tuan Minh"]
[Result "0-1"]
[WhiteElo "2393"]
[BlackElo "2489"]
[Annotator "TA"]
[PlyCount "126"]
[EventDate "2018.??.??"]
[EventCountry "VIE"]
[SourceTitle "playchess.com"]
[Source "ChessBase"]
[SourceQuality "1"]

{[%evp 10,126,33,46,66,58,82,79,83,85,72,60,69,54,86,92,93,85,88,86,100,101,116,106,127,103,122,104,112,109,107,110,106,72,69,58,71,47,72,66,73,40,85,66,77,18,28,29,27,8,20,0,0,0,0,0,0,-134,-122,-168,-171,-158,-164,-162,-175,-172,-165,-177,-149,-224,-195,-183,0,-220,-220,-216,-180,-162,-143,-204,-212,-195,-198,-244,-238,-250,-235,-242,0,-235,-172,-226,-210,-220,-226,-229,-177,-227,-236,-241,-230,-229,-230,-227,-192,-322,-322,-350,-335,-379,-377,-368,-369,-358,-347,-640,-629,-628,-618]} 1. d4 e6 2. c4 Bb4+ 3. Bd2 Qe7 4. g3 f5 5. Bg2 Nf6 6. Nf3 {LiveBook: 80 Games} b6 {A90: Dutch Defence: Miscellaneous and Modern Stonewall (with ...Bd6)} (6... Bxd2+ 7. Qxd2 Ne4 8. Qc2 d6 9. O-O O-O 10. Nc3 Nxc3 11. Qxc3 Nd7 12. e4 fxe4 13. Nd2 d5 14. cxd5 exd5 15. Qxc7 Qb4 16. Qc3 Qxc3 17. bxc3 Nf6 18. f3 Bf5 19. Rae1 exf3 20. Rxf3 {½-½ (46) Michalik,P (2579)-Chernyshov,K (2514) Pardubice 2013}) 7. Ne5 c6 8. O-O O-O {White is better.} 9. Bxb4 $146 ({Predecessor:} 9. Bg5 Ba6 10. Qc2 d5 11. b3 Qe8 12. Bxf6 gxf6 {0-1 (29) Sosunov,S (1719)-Mikhailovsky,V (2041) Omsk 2008}) 9... Qxb4 10. Qc2 Bb7 11. Nd2 Qe7 12. c5 $36 {[%mdl 2048] Black is under strong pressure.} Na6 {[%cal Rb6c5]} 13. Rac1 Rab8 14. a3 Nc7 15. Rfe1 g6 16. e3 Ncd5 17. Rb1 Ba6 18. b4 bxc5 19. dxc5 Qg7 20. f4 g5 21. Ndc4 Bxc4 22. Qxc4 h5 23. Qd4 Rb7 24. Nc4 Rbb8 25. Nd6 Qg6 26. fxg5 Qxg5 27. e4 ({Better is} 27. Bf3 $16) 27... fxe4 28. Nxe4 Nxe4 29. Rxe4 Rf5 30. Rf1 Rxf1+ 31. Bxf1 Rf8 32. Re5 Qg7 33. Be2 (33. Bg2 $11 {remains equal.}) 33... Rf4 $1 $17 {[%cal Rf4d4]} 34. Qd3 Qxe5 35. gxf4 Nxf4 36. Qg3+ Kf8 37. Bf1 Qf6 38. Qe3 Ke7 39. Qe4 (39. Qf2 $17 {might work better.}) 39... Qg5+ 40. Kh1 Qf6 41. Kg1 $1 Kd8 42. Qe3 Qf5 43. Qg3 Qe5 44. Qf3 (44. Ba6 $17 {was necessary.}) 44... Qd4+ 45. Qf2 {[#]} Qe4 $1 46. Qg3 e5 47. Qf2 Kc7 48. Qd2 Kd8 49. Qf2 $1 Qg6+ 50. Qg3 {[#] If only White now had time for Qxg6....} Qe6 $1 51. Qf2 Qb3 52. Qg3 Qd5 53. Qf2 Qd1 {White must now prevent ...Nh3+.} 54. Qe3 Qa1 55. Kf2 Qb2+ 56. Kg1 Kc7 57. Qg3 (57. Qe4 $142) 57... Qc1 58. Kf2 {[#]} a5 $1 {[%mdl 512]} 59. Qe3 (59. bxa5 Qxc5+) 59... Qb2+ 60. Kg1 axb4 61. axb4 Nd5 62. Qh6 $2 (62. Qe2 Qd4+ 63. Qf2) 62... Qd4+ $19 63. Kh1 {intending Qd6+.} Ne3 {Precision: White = 49%, Black = 74%.} 0-1

[Event "8th HDBank Cup 2018"]
[Site "Hanoi"]
[Date "2018.03.11"]
[Round "3"]
[White "Vo, Thanh Ninh"]
[Black "Tran, Tuan Minh"]
[Result "0-1"]
[WhiteElo "2370"]
[BlackElo "2522"]
[Annotator "TA"]
[PlyCount "76"]
[EventDate "2018.??.??"]
[EventCountry "VIE"]
[SourceTitle "playchess.com"]
[Source "ChessBase"]
[SourceQuality "1"]

{[%evp 23,76,-4,7,12,16,16,18,7,50,-127,-147,-209,-222,-210,-218,-225,-246,-393,-386,-359,-356,-330,-342,-342,-331,-510,-508,-490,-485,-469,-488,-450,-429,-529,-525,-536,-510,-779,-689,-671,-670,-783,-782,-764,-752,-706,-703,-2345,-2281,-2232,-2209,-2237,-2037,-1307,-1268]} 1. Nf3 Nf6 2. g3 b6 3. Bg2 Bb7 4. O-O e6 5. c4 Be7 6. Nc3 O-O 7. d4 Ne4 8. Qc2 Nxc3 9. Qxc3 c5 10. Be3 d6 11. Rfd1 Qc7 {E19: Queen's Indian: Old Main Line with 7...Ne4 8 Qc2 Nxc3 8 Qxc3} 12. Rac1 Nc6 {[%cal Bb8c6,Bc6d4,Bd4e2][%mdl 32] LiveBook: 3 Games} 13. a3 e5 $146 {The position is equal.} ({Predecessor:} 13... Rfd8 14. b4 cxd4 15. Nxd4 Nxd4 16. Bxd4 Bf8 17. Qe3 Rac8 18. h4 Rd7 19. Bh3 {½-½ (36) Peelen,P (2341)-Hainke,G (2299) Germany 2013}) 14. dxe5 dxe5 15. Nxe5 Bf6 16. Bf4 $2 (16. Nxc6 $1 $14 {was forced to keep a grip.} Bxc3 17. Bf4 Qxf4 18. gxf4 Bxb2 19. Ne7+ Kh8 20. Bxb7) 16... Nd4 $17 17. Bxb7 (17. Rxd4 $17 {is a better defense.} cxd4 18. Qd2 Bxg2 19. Nf3) 17... Nxe2+ $19 18. Kf1 {[#] Black must now prevent Qf3.} Nxc3 19. Rd7 Qb8 ({Worse is} 19... Bxe5 20. Rxc7 Bxc7 21. Bxc7 $11) 20. Re1 (20. Ng6 {was the only defense.} Qe8 21. Nxf8 Kxf8 22. Rd2) 20... Re8 {aiming for ...g5.} 21. bxc3 g5 ({Not} 21... Bxe5 22. Bxe5 Rxe5 23. Rxe5 $17) 22. Re4 Bxe5 ({Less strong is} 22... gxf4 23. Nc6 $15) 23. Bxe5 Rxe5 24. Bxa8 (24. Rxe5 $142 Qxe5 25. Bxa8) 24... Rxe4 {Black is clearly winning.} 25. Bxe4 {[%mdl 4096] Endgame [#] KQ-KRB} Qe8 $1 {[%csl LRd7,LRe4][%cal Re8d7]} 26. Bc6 Qc8 27. Ba4 Qa6 28. Bd1 Qxc4+ 29. Kg2 g4 30. h3 (30. a4 $142) 30... Qe4+ 31. Kh2 Qe1 32. hxg4 Qxf2+ 33. Kh3 Qe3 34. g5 Qxg5 35. Rxa7 Qd5 36. Ba4 Qh5+ 37. Kg2 Qe2+ 38. Kh3 b5 {Precision: White = 21%, Black = 83%.} 0-1

[Event "8th HDBank Cup 2018"]
[Site "Hanoi"]
[Date "2018.03.11"]
[Round "3"]
[White "Sharma, Dinesh K."]
[Black "Pena Gomez Manuel"]
[Result "1/2-1/2"]
[WhiteElo "2247"]
[BlackElo "2478"]
[Annotator "TA"]
[PlyCount "47"]
[EventDate "2018.??.??"]
[EventCountry "VIE"]
[SourceTitle "playchess.com"]
[Source "ChessBase"]
[SourceQuality "1"]

{[%evp 18,47,11,3,15,15,31,11,64,25,20,16,21,10,18,32,24,33,34,27,26,19,36,39,62,23,41,16,41,18,26,19]} 1. e4 c5 2. Nf3 e6 3. d4 cxd4 4. Nxd4 Nc6 5. Nc3 Qc7 6. f4 a6 7. Nxc6 bxc6 {B47: Sicilian: Taimanov: 5 Nc3 Qc7 6 f4, 6 g3 and 6 Be2} (7... Qxc6 8. Bd3 b5 9. Qe2 Bb7 10. Bd2 Bc5 11. O-O-O Ne7 12. a3 O-O 13. Qh5 f6 14. Rhf1 Rf7 15. g4 b4 16. axb4 Bxb4 17. e5 f5 18. Rg1 Rc8 {0-1 (53) Saric,I (2669)-Harikrishna,P (2744) Riadh 2017}) 8. Bd3 d5 9. Qf3 Nf6 10. O-O {LiveBook: 29 Games} Bc5+ 11. Kh1 O-O 12. Bd2 Re8 $146 (12... a5 $11) ({Predecessor:} 12... a5 13. e5 Nd7 14. Na4 Be7 15. Rae1 Nb6 16. Qh3 g6 17. Nxb6 Qxb6 {1-0 (25) Kulaots,K (2571)-Ristoja,S (2146) Jyvaskyla 2016}) 13. Rae1 Bf8 14. e5 Nd7 $1 15. Na4 c5 16. c4 Bb7 $1 17. cxd5 Bxd5 18. Be4 Bxe4 19. Qxe4 Red8 20. Rc1 Rab8 {White should prevent ...Nxe5.} 21. Be3 Qa5 {With the idea ...Rb4.} 22. b3 Nb6 23. Nxb6 Qxb6 24. Rc4 {Precision: White = 53%, Black = 38%.} 1/2-1/2

[Event "8th HDBank Cup 2018"]
[Site "Hanoi"]
[Date "2018.03.14"]
[Round "7"]
[White "Le, Quang Liem"]
[Black "Rozum, Ivan"]
[Result "1-0"]
[WhiteElo "2736"]
[BlackElo "2582"]
[Annotator "TA"]
[PlyCount "115"]
[EventDate "2018.??.??"]
[EventCountry "VIE"]
[SourceTitle "playchess.com"]
[Source "ChessBase"]
[SourceQuality "1"]

{[%evp 21,115,8,27,31,9,10,32,24,31,14,78,74,102,98,97,86,125,116,125,95,113,87,94,86,99,90,96,118,110,112,126,123,101,116,117,112,118,119,163,152,155,154,200,209,222,219,219,216,216,119,124,124,124,124,124,124,124,124,131,140,186,154,149,123,131,131,131,123,116,116,304,286,277,178,215,215,344,346,327,335,727,510,502,315,495,495,421,406,406,406,1119,1072,992,985,958,951]} 1. e4 c6 {[%cal Bc7c6,Bc6c5][%mdl 32]} 2. d4 d5 3. e5 Bf5 4. Nf3 e6 5. Be2 c5 6. Be3 Qb6 7. Nc3 {[%cal Bb1c3,Bc3a4,Ba4c5][%mdl 32]} Nc6 8. Na4 {B12: Caro-Kann: Advance Variation} Qa5+ 9. c3 cxd4 10. Nxd4 Nxd4 11. Bxd4 Ne7 {LiveBook: 6 Games} 12. Qb3 Qc7 13. Nc5 O-O-O 14. Qa4 Nc6 15. O-O {[#]} Bxc5 $146 (15... Kb8 $11 {keeps the balance.}) ({Predecessor:} 15... Kb8) 16. Bxc5 $16 Qxe5 17. Bb5 $1 $36 {[%mdl 2048] White is on the roll.} Qc7 18. Bxa7 e5 19. Bc5 Rhe8 20. Rad1 Re6 21. Rfe1 Kb8 22. f3 f6 23. b4 {[%cal Bb2b4,Bb4b5][%mdl 32]} b6 24. Bf2 Na7 25. Bf1 $1 Rc6 {[#]} 26. c4 $1 dxc4 {And now ...Rxd1 would win.} 27. Rxd8+ Qxd8 28. b5 Rd6 {...c3 is the strong threat.} 29. Qxc4 Bd3 30. Bxd3 Rxd3 31. f4 Rd1 32. fxe5 fxe5 33. Qe2 Rxe1+ 34. Qxe1 Qd5 35. Bg3 ({But not} 35. Bxb6 $6 Qxb5 36. Bf2 Nc6 $16) (35. a4 $18) 35... Qc5+ 36. Kh1 Nxb5 37. Bxe5+ Kb7 38. Bxg7 Qc4 39. h3 Nc7 40. Qb1 Ne6 41. Bh6 Kc6 42. a3 {[%cal Ba2a3,Ba3a4][%mdl 32]} Qh4 43. Be3 ({Of course not} 43. Qxh7 $6 Qe1+ 44. Kh2 Qe5+ 45. Kg1 Qe1+ 46. Kh2 Qe5+ 47. Kh1 Qe1+ 48. Kh2 $11) 43... Nc5 44. Kh2 Qe7 {Hoping for ...Qe5+.} 45. Bf4 Ne4 $2 {[#]} (45... Qf7 $16 {keeps fighting.}) 46. a4 $1 $18 Nf6 47. Qb5+ Kb7 48. Qf5 Ne4 (48... Ka6 {was called for.} 49. Qc8+ Qb7 50. Qc4+ Ka7) 49. Qd5+ Ka7 50. a5 bxa5 $2 (50... Nf6 51. Qc6 bxa5) 51. Be5 Qb7 52. Qxa5+ Qa6 53. Bb8+ Kb7 54. Qc7+ Ka8 55. Qxh7 Kxb8 (55... Nf6 $142 56. Qh8 Kb7) 56. Qxe4 {White is clearly winning.} Qd6+ 57. g3 Qd2+ 58. Kg1 {Precision: White = 87%, Black = 47%.} 1-0

[Event "8th HDBank Cup 2018"]
[Site "Hanoi"]
[Date "2018.03.14"]
[Round "7"]
[White "Wang, Hao"]
[Black "Le, Tuan Minh"]
[Result "1/2-1/2"]
[WhiteElo "2713"]
[BlackElo "2489"]
[Annotator "TA"]
[PlyCount "59"]
[EventDate "2018.??.??"]
[EventCountry "VIE"]
[SourceTitle "playchess.com"]
[Source "ChessBase"]
[SourceQuality "1"]

{[%evp 19,59,-12,15,-6,0,0,-2,-9,6,0,0,-2,9,-12,16,-54,-29,-20,-19,-35,-30,-37,-28,-26,-48,-41,-41,-63,-64,-64,-64,-79,-93,-141,-62,-51,-33,-33,-33,-33,-35,-33]} 1. e4 c5 2. Nf3 d6 3. d4 cxd4 4. Nxd4 Nf6 5. Nc3 g6 6. g3 Nc6 7. Bg2 Nxd4 8. Qxd4 Bg7 9. O-O O-O 10. Qb4 Qc7 {LiveBook: 37 Games} 11. Re1 {B70: Sicilian Dragon: 6 g3 and 6 Be2 (without a later Be3)} (11. Qb3 Be6 12. Nd5 Nxd5 13. exd5 Bf5 14. c3 b6 15. Re1 Rfe8 16. Bf4 Rad8 17. Rad1 Bf8 18. Rd2 e5 {1-0 (55) Ye,J (2670)-Xu,J (2668) Shenyang 2000}) 11... a5 12. Qb5 Bd7 $146 ({Predecessor:} 12... Be6 13. Nd5 Bxd5 14. exd5 Qxc2 15. Be3 Ng4 16. Re2 Qf5 17. Bb6 Ne5 18. Bxa5 {½-½ (43) Calzetta Ruiz,M (2252)-Gara,T (2353) Reykjavik 2015}) 13. Qe2 {The position is equal.} Bg4 14. Qb5 Bd7 15. Qe2 Bg4 16. Qd3 Be6 17. a4 (17. Nb5 $11 Qc8 18. Nd4) 17... Rfc8 $36 {[%cal Bf8c8,Bc8c7,Bc7c2][%mdl 2080] Black has some pressure.} 18. e5 dxe5 19. Qb5 Ne8 20. Qxb7 Rab8 21. Qxc7 Rxc7 22. Rd1 Nd6 23. Bd5 e4 24. Bxe6 fxe6 25. Nb5 Rxc2 26. Bf4 e3 (26... Bxb2 $17 27. Nd4 Rc4) 27. Bxe3 $15 {Black is slightly better.} Nxb5 28. axb5 Rxb5 29. Rd8+ Kf7 30. Ra8 {Precision: White = 43%, Black = 47%.} 1/2-1/2

[Event "8th HDBank Cup 2018"]
[Site "Hanoi"]
[Date "2018.03.14"]
[Round "7"]
[White "Sethuraman, S P"]
[Black "Santiago, Yago De Moura"]
[Result "0-1"]
[WhiteElo "2649"]
[BlackElo "2473"]
[Annotator "TA"]
[PlyCount "98"]
[EventDate "2018.??.??"]
[EventCountry "VIE"]
[SourceTitle "playchess.com"]
[Source "ChessBase"]
[SourceQuality "1"]

{[%evp 21,97,35,41,32,31,42,34,29,38,37,28,29,30,35,37,35,41,40,55,18,23,8,43,31,31,26,28,24,33,31,41,37,36,-10,0,0,0,0,0,0,0,0,0,0,0,0,41,37,38,-103,-98,-119,-106,-118,-1,-97,-12,-26,-20,-162,-146,-224,-215,-358,-391,-322,-237,-199,0,-7,0,-80,-82,-477,-463,-29975,-5721,-29999]} 1. Nf3 Nf6 2. c4 e6 3. g3 d5 4. d4 Bb4+ 5. Bd2 Be7 6. Bg2 O-O 7. O-O c6 8. Bf4 Nbd7 9. Nc3 Nh5 {E07: Closed Catalan: Main Line (5 Nf3 0-0 6 0-0 Nbd7)} (9... b6 10. cxd5 exd5 11. Rc1 Bb7 12. Qc2 Re8 13. Rfd1 Nf8 14. e4 dxe4 15. Ne5 Nd5 16. Nxe4 Ne6 17. Be3 Rc8 18. Qb3 Bf8 19. Nc3 Nxe3 20. fxe3 Rc7 21. Kh1 {1-0 (54) Dominguez Perez,L (2739)-Caruana,F (2807) Saint Louis 2017}) 10. Bc1 f5 11. b3 Bd6 {LiveBook: 3 Games. White is slightly better.} 12. Bb2 Qe7 13. e3 Nhf6 14. Ne2 b6 15. Ne5 Bb7 16. Nf4 Ne4 $146 ({Predecessor:} 16... Rac8 17. Rc1 {1-0 (46) Sumets,A (2622)-Pregarac,V (2150) Trieste 2014}) 17. Rc1 Rac8 18. Qe2 Rfd8 19. Rfd1 Ndf6 20. f3 Ng5 $1 21. c5 Bxe5 22. dxe5 Nd7 23. b4 Nf7 24. e4 {exf5 is the strong threat.} Nfxe5 25. exf5 exf5 26. Re1 {[%cal Rb2e5]} Re8 27. Bd4 Qf7 28. Qb2 {[%cal Rd4e5]} Nc4 29. Qc3 bxc5 30. bxc5 Nf8 31. Bf1 Ba6 32. a4 Rc7 33. Nd3 Rce7 34. Rxe7 Rxe7 35. Ne5 (35. Nb4 $14 {stays ahead.} Bb7 36. Bxc4 dxc4 37. a5) 35... Nxe5 $17 36. Bxa6 Neg6 37. Rb1 h5 ({Black should try} 37... f4 $1 $17 38. Rb8 fxg3 39. hxg3 h5) 38. Rb8 (38. f4 $1 $11) 38... Kh7 ({Better is} 38... f4 $1 $17 39. Bf2 Ne5) 39. Bd3 Ne6 40. Bf2 (40. Be3 $11 {and White is okay.}) 40... Ng5 $19 41. Kg2 (41. f4 $17 {keeps fighting.} Ne4 42. Qb2) 41... h4 $1 {[%cal Bh5h4,Bh4h3][%mdl 32]} 42. Qc2 (42. Bd4 $142 h3+ 43. Kf2) 42... h3+ 43. Kf1 ({Worse is} 43. Kh1 Ne5 $17) 43... Nxf3 44. Bxf5 Nd2+ $2 (44... Nxh2+ $19 45. Kg1 Nf3+ 46. Kh1 Re4 $1 {[%mdl 512]} 47. Bxe4 dxe4) 45. Kg1 $11 Ne4 46. Bxh3 (46. g4 $11 {keeps the balance.}) 46... Ne5 $17 {[%cal Bg6e5,Be5f3,Bf3d2][%mdl 32] Strongly threatening ...Nf3+.} 47. Rb3 $2 {[%mdl 8192] [#]} (47. Bg2 $17) 47... Nf3+ $1 $19 ({Weaker is} 47... Qxf2+ 48. Qxf2 Nxf2 49. Kxf2 $15) 48. Kg2 (48. Rxf3 $19 Qxf3 49. Bd4) 48... Nfd2 49. Bd4 Qf1# {Precision: White = 50%, Black = 75%.} 0-1

[Event "8th HDBank Cup 2018"]
[Site "Hanoi"]
[Date "2018.03.14"]
[Round "7"]
[White "Gordievsky, Dmitry"]
[Black "Mareco, Sandro"]
[Result "0-1"]
[WhiteElo "2630"]
[BlackElo "2635"]
[Annotator "TA"]
[PlyCount "80"]
[EventDate "2018.??.??"]
[EventCountry "VIE"]
[SourceTitle "playchess.com"]
[Source "ChessBase"]
[SourceQuality "1"]

{[%evp 24,80,0,17,7,0,39,23,32,32,37,38,38,18,16,16,14,0,0,0,0,-24,-12,-18,-20,-20,-20,-106,-112,-168,-157,-197,-144,-166,-174,-162,-110,-144,-147,-147,-151,-320,-310,-332,-326,-531,-514,-495,-497,-484,-440,-760,-760,-29973,-29975,-29970,-29970,-5189,-5173]} 1. Nf3 d5 2. g3 c5 3. Bg2 e6 4. O-O Nf6 5. c4 d4 6. e3 Nc6 7. exd4 cxd4 8. d3 Bd6 {A13: English Opening: 1...e6} (8... Be7 9. b3 O-O 10. Na3 e5 11. Nc2 Nd7 12. a3 a5 13. Rb1 Nc5 14. b4 axb4 15. axb4 Na4 16. Bd2 {0-1 (47) Wei,Y (2739)-Karjakin,S (2760) Medias 2017}) 9. Bg5 h6 10. Bxf6 Qxf6 11. Nbd2 Qe7 12. Nb3 O-O 13. Re1 {LiveBook: 6 Games} Qf6 14. Nfd2 Bd7 15. a3 $146 ({Predecessor:} 15. Ne4 Qe7 16. Nxd6 Qxd6 {½-½ (50) Hechl,G (2239)-Gromotka,H (2326) ICCF email 2016}) 15... Rfd8 16. Ne4 Qe7 17. Nxd6 Qxd6 18. Nd2 a5 19. Ne4 Qc7 20. Rb1 Ne5 21. f4 {[%cal Bf2f4,Bf4f5][%mdl 32]} Ng6 22. Rf1 Ne7 23. g4 Ng6 24. f5 Nf4 25. Qf3 (25. fxe6 $11 fxe6 26. g5) 25... e5 $17 ({Don't play} 25... exf5 $6 26. Qxf4 Qxf4 27. Rxf4 $11) 26. Bh1 (26. Rf2 $17 {was called for.}) 26... Ra6 $19 27. h3 g6 (27... Rb8 $19 28. Rfc1 g6 29. fxg6 Rxg6) 28. fxg6 $17 Rxg6 {Strongly threatening ...f5.} 29. Kh2 Bc6 ({Black should play} 29... Kh8 $19 30. Ng3 Bc6) 30. Rbd1 Qe7 31. Qf2 Kh8 32. b4 $2 {[#]} (32. Qe1 $17) 32... Rdg8 $19 (32... axb4 $2 33. axb4 Bd7 34. Rg1 $17) 33. Bf3 h5 ({Don't do} 33... axb4 34. axb4 h5 35. gxh5 $19) 34. gxh5 $2 (34. g5 Bxe4 35. Bxe4 Rxg5 36. Rg1) 34... Rg3 35. Qxg3 Rxg3 36. Nxg3 Bd7 37. Ne4 (37. Ne2 $142 Bxh3 38. Nxf4 Bxf1 39. Rxf1 exf4 40. c5) 37... Bxh3 {[#] White must now prevent ...Qh4.} 38. Bg2 Bxg2 39. Rxf4 exf4 40. Kxg2 f5 {Precision: White = 28%, Black = 76%.} 0-1

[Event "8th HDBank Cup 2018"]
[Site "Hanoi"]
[Date "2018.03.14"]
[Round "7"]
[White "Zhao, Jun"]
[Black "Erigaisi Arjun"]
[Result "1/2-1/2"]
[WhiteElo "2599"]
[BlackElo "2458"]
[Annotator "TA"]
[PlyCount "76"]
[EventDate "2018.??.??"]
[EventCountry "VIE"]
[SourceTitle "playchess.com"]
[Source "ChessBase"]
[SourceQuality "1"]

{[%evp 24,76,0,-2,10,22,45,46,52,43,80,58,58,51,35,38,97,80,87,99,103,84,103,70,111,102,97,58,70,80,83,71,56,58,81,73,63,40,45,22,24,30,20,0,0,0,17,0,15,28,30,0,0,0,12]} 1. c4 c6 2. Nf3 d5 3. e3 Nf6 4. Nc3 e6 5. Qc2 Bd6 6. b3 O-O 7. Be2 Nbd7 8. Bb2 b6 9. O-O Bb7 10. d4 Qe7 11. Rfe1 Rfe8 12. Rad1 Rad8 13. h3 {LiveBook: 16 Games. D45: Semi-Slav: 5 e3} (13. g3 a6 14. Bf1 dxc4 15. bxc4 c5 16. d5 exd5 17. Nxd5 Nxd5 18. cxd5 Qe4 19. Qc3 Ne5 20. Nh4 Bf8 {1-0 (40) Le,Q (2737)-Wang,H (2709) Huaian 2017}) 13... dxc4 14. bxc4 e5 {[#]} 15. Nh4 $146 {White is slightly better.} ({Predecessor:} 15. dxe5 Nxe5 16. Nd4 Qc7 17. Nf5 Bf8 18. Rxd8 Rxd8 19. Ne4 Nxe4 20. Qxe4 f6 21. Qc2 Re8 22. Rd1 Bc8 23. Nd4 Bd7 {½-½ (23) Polak,T (2519)-Gledura,B (2513) Hungary 2016}) 15... g6 16. Nf3 Ba3 17. Ba1 Bd6 18. Rb1 Bc7 19. a4 h5 (19... Rb8 $14) 20. c5 $16 Ba8 21. Bc4 Kg7 22. Ne4 Nxe4 23. Qxe4 Nf6 {[%cal Bd7f6,Bf6d5,Bd5b6][%mdl 32]} 24. Qh4 e4 25. Ne5 Nd5 26. Qxe4 bxc5 27. Qc2 cxd4 28. Nf3 Kh6 29. Bxd4 {Hoping for e4.} c5 30. Ba1 {Black must now prevent e4.} Nb6 31. Bb5 Be4 32. Qc3 {[%csl Ga1][%cal Rc3g7] [#]} Rg8 33. Rbc1 $36 {[%mdl 2048] White has some pressure.} Bxf3 $1 34. gxf3 Qg5+ 35. Kh1 Qh4 36. Kg2 {Qf6 is the strong threat.} Qg5+ 37. Kh1 Qh4 38. Kg2 {Strongly threatening Qf6.} Qg5+ {Precision: White = 52%, Black = 49%.} 1/2-1/2

[Event "8th HDBank Cup 2018"]
[Site "Hanoi"]
[Date "2018.03.14"]
[Round "7"]
[White "Pichot, Alan"]
[Black "Raghunandan, Kaumandur Srihari"]
[Result "1-0"]
[WhiteElo "2558"]
[BlackElo "2412"]
[Annotator "TA"]
[PlyCount "77"]
[EventDate "2018.??.??"]
[EventCountry "VIE"]
[SourceTitle "playchess.com"]
[Source "ChessBase"]
[SourceQuality "1"]

{[%evp 24,77,12,14,25,0,14,7,12,16,17,14,27,25,25,25,82,56,91,90,83,69,66,66,177,178,178,179,182,182,177,175,178,166,184,180,180,180,179,175,237,237,237,237,237,237,237,235,237,237,285,253,463,393,449,439]} 1. e4 c5 2. Nf3 d6 3. d4 cxd4 4. Nxd4 Nf6 5. Nc3 a6 6. a4 e5 7. Nf3 Be7 8. Bc4 Be6 9. Qe2 {B90: Sicilian Najdorf: Unusual White 6th moves, 6 Be3 Ng4 and 6 Be3 e5} (9. Bb3 h6 10. O-O O-O 11. Nh4 Nc6 12. Nf5 Bxf5 13. exf5 Nd4 14. Nd5 Nxb3 15. cxb3 Rc8 16. Be3 Rc6 {1-0 (49) Carlsen,M (2857)-Grischuk,A (2754) chess.com INT 2016}) 9... Qc7 10. Bb3 Nc6 11. Bg5 O-O 12. O-O Rac8 13. Rfd1 {[#] LiveBook: 5 Games} Nb4 $146 ({Predecessor:} 13... Ne8 14. Be3 Na5 15. Nd5 Bxd5 16. Bxd5 Nc4 17. b3 Nxe3 18. Qxe3 Nf6 19. c4 a5 20. Ne1 Bd8 21. Nc2 Qb8 22. Na3 Rc5 23. Nb5 {½-½ (23) Efimenko,Z (2656)-Ragger,M (2668) Zalakaros 2015}) 14. Bxf6 Bxf6 15. Ne1 Rfd8 16. a5 Nc6 17. Nd5 Bxd5 $1 18. Rxd5 Nd4 19. Qd1 Nc6 (19... Nxb3 $11 {remains equal.} 20. cxb3 Be7) 20. Ra4 b5 21. axb6 $1 Qxb6 22. Nf3 Nb4 23. Rd2 $1 d5 (23... a5 $14) 24. c3 $18 (24. exd5 a5 $16) 24... Nd3 25. Rxd3 dxe4 26. Rxe4 Rxd3 {[#]} 27. Bxf7+ $1 {[%mdl 512]} Kxf7 28. Qxd3 Rd8 29. Qe2 (29. Nxe5+ Bxe5 30. Qc4+ Kf8 $17) 29... Qb5 30. Qxb5 ({Not} 30. Nxe5+ Bxe5 31. Qh5+ Kg8 $17) 30... axb5 {[%mdl 4096] Endgame [#] KRB-KRN} 31. g4 $1 Ke6 (31... Kf8 $142 32. g5 (32. Nxe5 Rd2 $16) 32... Be7 33. Rxe5 b4 34. cxb4 Bxb4) 32. g5 Kf5 33. Re3 Bxg5 34. Nxg5 ({Don't take} 34. Rxe5+ Kf4) 34... Kxg5 35. Rxe5+ {KR-KR} Kg4 36. Rxb5 g5 37. Kg2 Kh4 $2 (37... Rc8 38. Rb4+ Kf5) 38. Rb4+ g4 39. Rd4 {Precision: White = 78%, Black = 36%.} 1-0